000 01280ntaaa2200277 4500
003 01
005 20251027203225.0
008 0714s1973 ag 01
020 _a9789568052034
040 _aAR-BaBN
_bspa
_cAR-BaBN
_eaacr
_dRIC
082 _a278.3 Or8
100 _aOrtiz Retamal, Juan Rodrigo
_934388
245 _aHistoria de los evangélicos en Chile 1810-1891: de disidentes a canutos :
_bliberales, radicales, masones y artesanos /
_cJuan Rodrigo Ortiz Retamal
260 _aConcepción :
_bCentro Evangélico de Estudios Pentecostales,
_c2009
300 _a248 p.
490 _aEvangélicos en el Bicentenario
505 _tCap.1: El surgimiento del protestantismo en Chile: de disidentes a canutos
505 _tCap.2:El protestantismo dentro la lucha entre liberales y conservadores (1810-1865)
505 _tCap.3.Los evangélicos en la pugna catolicismo-laicismo: 1865-1891 a lucha por la laicización del Estado
505 _tCap.4: El aporte del protestantismo a la implementación a la modernidad liberal en Chile durante el siglo XX: aspectos ideológicos.
505 _tCap.5: Las iglesias evangélicas y la conquista de los derechos democráticos liberales
650 _aHISTORIA
_9175
650 _aIGLESIA
650 _aCHILE
_921547
942 _cBK
999 _c27698
_d27698